Tom Mboya / (Record no. 13068)
[ view plain ]
| 000 -LEADER | |
|---|---|
| fixed length control field | 00589nam a22002052 4500 |
| 001 - CONTROL NUMBER | |
| control field | 0000007287 |
| 005 - DATE AND TIME OF LATEST TRANSACTION | |
| control field | 20151217155833.0 |
| 008 - FIXED-LENGTH DATA ELEMENTS--GENERAL INFORMATION | |
| fixed length control field | 071218s xx 000 0 eng d |
| 020 ## - INTERNATIONAL STANDARD BOOK NUMBER | |
| International Standard Book Number | 9966464654 : |
| Terms of availability | KES 240 |
| 040 ## - CATALOGING SOURCE | |
| Original cataloging agency | KABU |
| Transcribing agency | KABU |
| 100 1# - MAIN ENTRY--PERSONAL NAME | |
| Personal name | Gimode, Edwin. |
| -- | 0000158510 |
| 245 10 - TITLE STATEMENT | |
| Title | Tom Mboya / |
| Statement of responsibility, etc. | Edwin Gimode. |
| 260 ## - PUBLICATION, DISTRIBUTION, ETC. (IMPRINT) | |
| Place of publication, distribution, etc. | Nairobi : |
| Name of publisher, distributor, etc. | E. A. E. P., |
| Date of publication, distribution, etc. | 1996. |
| 300 ## - PHYSICAL DESCRIPTION | |
| Extent | 56 p. |
| 650 #0 - SUBJECT ADDED ENTRY--TOPICAL TERM | |
| Topical term or geographic name as entry element | Mboya, Tom. |
| -- | 0000158511 |
| 650 #0 - SUBJECT ADDED ENTRY--TOPICAL TERM | |
| Topical term or geographic name as entry element | Politicians |
| Form subdivision | Biography |
| Geographic subdivision | Kenya. |
| -- | 0000158503 |
| 908 ## - PUT COMMAND PARAMETER (RLIN) | |
| Put command parameter | 071218 |
| 950 ## - LOCAL HOLDINGS (RLIN) | |
| -- | 1 |
| Withdrawn status | Lost status | Source of classification or shelving scheme | Not for loan | Home library | Current library | Date acquired | Total Checkouts | Full call number | Barcode | Date last seen | Price effective from | Koha item type |
|---|---|---|---|---|---|---|---|---|---|---|---|---|
| Library of Congress Classification | Kabarak, Main Campus | Kabarak, Main Campus | 17/12/2015 | DT433.582 .M36G56 | 011552 | 17/12/2015 | 17/12/2015 | Africana Collection |